000 00492nam a2200181Ia 4500
005 20250326124553.0
008 250326s9999 xx 000 0 und d
037 _aTextbook
040 _aFMSL
_beng
_cFMSL
041 _aeng
_2eng
084 _aX:8 L44
_qFMSL
100 _aKiev A
_9737600
245 0 _aStrategy for handling executive stress
_cKiev A
260 _aChicago
_bChicago, Nelson-Hall
_c1974
300 _a178p
942 _cTB
_hX:8 L44
999 _c1274218
_d1274218